Statistics for Upravni okruzi Srbije

Click here to take the quiz!

General Stats

  • This quiz has been taken 134 times
  • The average score is 19 of 30

Answer Stats

Answer% Correct
Sremski
84%
Južnobanatski
83%
Severnobački
82%
Severnobanatski
80%
Južnobački
78%
Zlatiborski
76%
Raški
72%
Mačvanski
71%
Šumadijski
71%
Kosovski
67%
Pčinjski
66%
Borski
65%
Kolubarski
64%
Braničevski
63%
Pomoravski
60%
Nišavski
59%
Zapadnobački
59%
Pirotski
57%
Rasinski
57%
Toplički
57%
Moravički
56%
Jablanički
55%
Zaječarski
55%
Pećki
54%
Podunavski
54%
Prizrenski
50%
Grad Beograd
48%
Srednjobanatski
44%
Kosovsko-pomoravski
34%
Kosovsko-mitrovački
32%

Score Distribution

Percentile by Number Answered

Percent of People with Each Score

Your Score History

You have not taken this quiz